|
|
|
|
| LEADER |
00704nam a22001811a 4500 |
| 999 |
|
|
|c 16925
|d 16925
|
| 020 |
|
|
|a 9780415020619
|
| 082 |
|
|
|a 370
|b NOE/H
|
| 100 |
|
|
|a Noel Entwistle (ed.)
|
| 245 |
|
|
|a Handbook of educational ideas and practices/
|c edited by Noel Entwistle.
|
| 260 |
|
|
|a London:
|b Routledge,
|c 1990.
|
| 300 |
|
|
|a 1140p.
|
| 650 |
|
|
|a Educational Handbook
|
| 650 |
|
|
|a Education
|
| 942 |
|
|
|c REF
|
| 942 |
|
|
|c REF
|
| 952 |
|
|
|0 0
|1 0
|4 0
|6 R_370_000000000000000_NOE_H
|7 0
|9 23857
|a SSUS
|b SSUS
|d 2015-01-08
|g 0.00
|o R 370 NOE/H
|p 044629
|r 2015-01-08
|v 0.00
|w 2015-01-08
|y REF
|
| 952 |
|
|
|0 0
|1 0
|4 0
|6 R_370_000000000000000_NOE_H
|7 0
|9 23858
|a SSUS
|b SSUS
|d 2015-01-08
|g 0.00
|o R 370 NOE/H
|p 044628
|r 2015-01-08
|v 0.00
|w 2015-01-08
|y REF
|